00890nam a2200241 a 450000100060000000300080000600500170001400800410003102000150007203500190008704000350010604100080014108200260014924500760017525000120025126000510026330000170031450502170033165000170054865000220056570000260058770000350061312100BD-RjUL20211208235232.0161124s1973 enka b 001 0 eng d a0444411402 a(BD-RjUL)12149 aBD-RjULbengcBD-RjULdBD-RjUL aeng 223a612.015bCOM 197300aComprehensive biochemistry /cedited by Marcel Florkin, Elmer H. Stotz. a3rd ed. a London :bElsevier Science Publishing,c1973. aV. ;c23 cm.0 aVol. 13 Enzyme nomenclature. recommendations (1972) of the Commission on biochemical Nomenclature on the nomenclature and classification of enzymes together with their units and the symbols of enzyme kinetics --  0aBiochemistry 0aMolecular biology1 aFlorkin, Marcel, ed.1 aStotz, Elmer Henry, ed.d1911-